[Event "American Continental-ch 2018"]
[Site "Montevideo"]
[Date "2018.06.02"]
[Round "2"]
[White "Januario, Severino Pereira"]
[Black "Vazquez, Guillermo"]
[Result "0-1"]
[WhiteElo "2175"]
[BlackElo "2436"]
[Annotator "TA"]
[PlyCount "61"]
[EventDate "2018.??.??"]
[EventType "swiss"]
[EventCountry "URU"]
[SourceTitle "playchess.com"]
[Source "ChessBase"]
[SourceQuality "1"]

{[%evp 9,61,-38,-25,-36,-15,-41,-13,-58,-59,-54,-48,-47,-31,-57,-60,-72,-8,-39,-4,-52,-48,-104,-101,-101,-101,-101,-81,-101,-101,-179,-36,-41,0,-109,-105,-108,-89,-94,-101,-147,-155,-243,-231,-352,-317,-338,-341,-346,-347,-377,-369,-359,-351,-387]} 1. d4 Nf6 2. Bg5 Ne4 3. Bf4 d5 4. e3 c5 5. f3 (5. Bd3 Nf6 6. c3 Nc6 7. Nd2 Qb6 8. Rb1 Bg4 9. Ngf3 e6 10. Qa4 Be7 11. Ne5 O-O 12. Bg5 c4 13. Bc2 Bh5 14. Bxf6 gxf6 {1-0 (52) Mchedlishvili,M (2603)-Amin,B (2689) Riadh 2017}) 5... Nf6 $1 6. Nc3 {A45: Trompowsky Attack} a6 7. Qd2 Nc6 8. g4 {The position is equal.} e6 9. h4 $146 ({Predecessor:} 9. Nge2 b5 10. h4 Bb7 11. Bg2 Nd7 12. Bg3 Be7 13. f4 cxd4 14. Nxd4 Nxd4 15. exd4 {0-1 (54) Chueca Forcen,A (2361)-Gascon del Nogal,J (2498) Badalona 2017}) 9... b5 10. Nh3 Bb7 11. Ne2 Nd7 12. Bg3 e5 (12... Nb6 $17 {aiming for ...Nc4.} 13. b3 Bd6) 13. Bg2 Be7 14. g5 O-O 15. f4 ({White should play} 15. dxe5 $15 Ncxe5 16. b3) 15... exd4 16. exd4 cxd4 {Threatens to win with ...Nb6.} 17. O-O Re8 18. Kh2 Nc5 19. Nf2 {[#]} Na4 ({Black should try} 19... Ne4 $1 $19 {[%cal Re4d2]} 20. Nxe4 dxe4 21. Bxe4 Qd7) 20. Nd3 $15 Nc5 {Strongly threatening ...Ne4.} 21. Ne5 (21. Nf2 $1 $11 {keeps the balance.}) 21... Ne4 $36 {[%mdl 2048] Black has strong initiative.} 22. Bxe4 dxe4 {[%cal Bd5e4,Be4e3][%mdl 32]} 23. Nxc6 Bxc6 24. Qxd4 {[#]} e3 $1 {[%mdl 512]} 25. Rae1 (25. f5 $17) (25. Qxe3 Qd5) 25... Bf8 $19 26. c3 (26. f5 $142) 26... Qa5 27. Qd3 Qxa2 28. Qc2 Rac8 29. Nd4 Bb7 30. Re2 b4 31. Rfe1 {Precision: White = 29%, Black = 65%.} 0-1

[Event "American Continental-ch 2018"]
[Site "Montevideo"]
[Date "2018.06.03"]
[Round "3"]
[White "Shankland, Samuel"]
[Black "Terry, Renato"]
[Result "1/2-1/2"]
[WhiteElo "2717"]
[BlackElo "2503"]
[Annotator "TA"]
[PlyCount "114"]
[EventDate "2018.??.??"]
[EventType "swiss"]
[EventCountry "URU"]
[SourceTitle "playchess.com"]
[Source "ChessBase"]
[SourceQuality "1"]

{[%evp 22,114,18,13,17,10,39,37,40,34,60,63,65,56,70,50,52,51,64,58,58,58,58,58,58,58,64,39,38,37,37,26,32,34,30,23,28,13,16,16,17,17,17,17,17,17,17,17,29,17,38,18,17,17,36,17,32,32,51,24,41,5,7,5,5,5,6,4,12,13,77,77,77,77,77,77,85,0,0,0,0,0,0,0,0,0,1,1,2,5,10,6,11,12,13]} 1. e4 g6 2. d4 Bg7 3. Nf3 d6 4. Nbd2 Nf6 5. Bd3 O-O 6. O-O Nc6 7. c3 e5 8. dxe5 Nxe5 9. Nxe5 dxe5 10. Nc4 Qe7 11. Bg5 h6 12. Bh4 {LiveBook: 8 Games} Rd8 {B07: Pirc Defence: Miscellaneous Systems} 13. Qe2 {[#]} Bg4 $146 ({Predecessor:} 13... b6 14. Rfd1 Bb7 15. Ne3 a5 16. a4 h5 17. Bc4 Bh6 18. f3 Rxd1+ 19. Rxd1 {½-½ (42) Xiong,J (2640)-Shankland,S (2668) Saint Louis 2018}) 14. f3 Be6 {White is slightly better.} 15. Rfd1 Bxc4 16. Bxc4 Rxd1+ 17. Rxd1 Rd8 18. b4 Rxd1+ 19. Qxd1 Qd7 20. Qxd7 (20. Qe2 {is interesting.} Ne8 21. Bb3 Bf6 22. Be1 a6 23. h4) 20... Nxd7 $14 {[%mdl 4096] Endgame KBB-KBN} 21. Kf1 Bf6 22. Bf2 a6 23. Ke2 c6 24. g3 Bd8 25. Be3 Kg7 26. h4 Bb6 27. Bd2 Nf6 28. g4 Bd8 29. a4 Nd7 30. Be1 a5 31. Kd3 Kf8 32. Bf2 Ke8 33. Bb3 Kf8 34. Bd1 Kg7 35. Kc4 Kf8 36. Kb3 Kg7 37. Be2 Kf8 38. Bc4 Ke8 39. Bf1 Kf8 40. Be3 h5 41. gxh5 gxh5 42. Bh3 Ke8 43. Bf2 Nf8 44. bxa5 Bxa5 45. Bc8 Ng6 (45... b6 $11) 46. Bxb7 $16 Kd7 {[#]} 47. Ba6 $1 Bd8 48. Bc4 Nxh4 49. a5 ({White should play} 49. Bxh4 $16 Bxh4 50. Bxf7) 49... Nxf3 $11 {White must now prevent ...Nd2+.The position is equal.} 50. a6 Kc7 51. Bxf7 Nd2+ 52. Kc2 Nxe4 53. Bg1 {[#] And now Be8 would win.} Be7 54. Bxh5 Bc5 55. Bh2 Kb6 56. Be2 Bf2 57. Bxe5 Nc5 {Precision: White = 58%, Black = 68%.} 1/2-1/2

[Event "American Continental-ch 2018"]
[Site "Montevideo"]
[Date "2018.06.03"]
[Round "3"]
[White "Xiong, Jeffery"]
[Black "Rodriguez Vila, Andres"]
[Result "1-0"]
[WhiteElo "2656"]
[BlackElo "2483"]
[Annotator "TA"]
[PlyCount "85"]
[EventDate "2018.??.??"]
[EventType "swiss"]
[EventCountry "URU"]
[SourceTitle "playchess.com"]
[Source "ChessBase"]
[SourceQuality "1"]

{[%evp 22,85,26,20,35,26,54,18,39,45,54,30,31,30,51,42,57,58,77,84,89,50,77,54,123,125,123,121,121,118,120,101,104,75,229,219,283,281,251,175,386,403,490,492,601,613,587,599,1666,1710,1530,1568,1351,1174,1653,1617,1486,1343,1316,1288,1970,1273,1214,1062,1099,1054]} 1. d4 Nf6 2. Nf3 g6 3. Nbd2 Bg7 4. e4 O-O 5. Bd3 d6 6. O-O Nc6 7. c3 e5 8. dxe5 Nxe5 9. Nxe5 dxe5 10. Nc4 Qe7 11. Bg5 h6 12. Bh4 b6 {B07: Pirc Defence: Miscellaneous Systems} (12... Qe6 13. Ne3 c6 14. Qf3 Nh7 15. Bc4 {½-½ (15) Nanu,C (2482)-Timoshenko,G (2550) Predeal 2006}) 13. Ne3 $146 ({Predecessor:} 13. f4 g5 14. fxg5 Ng4 15. Qe2 hxg5 16. Bg3 f6 17. h3 Nh6 18. Ne3 Be6 19. Bc4 c6 20. Rad1 {½-½ (37) Martin Rodriguez,E (2016)-Perez Gonzalez,J (2226) Madrid 2017}) 13... Qc5 14. Qc2 Be6 {The position is equal.} 15. b4 Qc6 16. Rfd1 {[%cal Bf1d1,Bd1d2,Bd2d7][%mdl 32]} Nh5 17. a4 Nf4 18. Bf1 a5 19. Be7 $36 {[%mdl 2048] White is more active.} Rfc8 {[#]} 20. b5 $1 {[%cal Rb5c6]} Qb7 21. Rd2 Re8 22. Bh4 h5 ({Better is} 22... g5 $14 23. Bg3 Rad8) 23. Rad1 $16 Rac8 24. Bc4 Bxc4 25. Nxc4 Ne6 26. Rd7 {Black must now prevent Nd6!} Qa8 27. Be7 Qb8 $2 (27... Bf8 $16 28. Bxf8 Nxf8) 28. Qa2 $18 Nf8 29. Bxf8 Rxf8 30. Qd2 c6 $2 (30... Rce8 31. h4 Re6) 31. Nd6 Rc7 32. bxc6 {White is clearly winning.} Rxc6 {[#]} 33. Nxf7 $1 {[%mdl 512]} Rf6 (33... Rxf7 34. Rxf7) 34. Ng5 Qe8 35. Qd5+ Kh8 36. Qb7 Rg8 37. h4 Qf8 38. Nf7+ Kh7 39. Re7 b5 40. axb5 a4 41. Rd8 Rxf7 42. Rxf8 Rfxf8 43. Qa7 {Precision: White = 68%, Black = 32%.} 1-0

[Event "American Continental-ch 2018"]
[Site "Montevideo"]
[Date "2018.06.03"]
[Round "3"]
[White "Cordova, Emilio"]
[Black "Cori Quispe, Kevin Joel"]
[Result "1/2-1/2"]
[WhiteElo "2621"]
[BlackElo "2468"]
[Annotator "TA"]
[PlyCount "80"]
[EventDate "2018.??.??"]
[EventType "swiss"]
[EventCountry "URU"]
[SourceTitle "playchess.com"]
[Source "ChessBase"]
[SourceQuality "1"]

{[%evp 11,80,7,15,13,18,6,10,12,16,6,0,0,77,59,72,76,71,74,101,55,67,53,63,24,30,35,34,34,27,36,26,0,56,56,50,52,54,45,43,31,48,22,27,0,4,-21,34,28,28,25,23,27,60,30,32,19,27,0,82,-37,-39,-139,0,-38,-46,-31,-31,-17,0,0,25]} 1. Nf3 Nf6 2. g3 e6 3. d4 b5 4. Bg5 Bb7 5. Nbd2 d5 6. e3 {A46: Damenbauernspiele} a6 {LiveBook: 3 Partien} 7. a4 b4 8. Nb3 Nbd7 9. Na5 Qc8 10. Bxf6 Nxf6 11. c4 dxc4 (11... bxc3 $1 $11 12. bxc3 c5) 12. Nxb7 Qxb7 13. Bg2 $146 Be7 14. O-O {[%mdl 1024] Weiss hat starke Kompensation.} O-O 15. Ne5 Nd5 16. e4 Nf6 17. Qe2 c3 18. bxc3 c5 $1 19. d5 exd5 20. exd5 {[#] Droht d6! und aus.} Bd6 $1 ({Jedoch nicht} 20... Nxd5 $2 21. Rae1 $18) 21. Nc6 bxc3 ({Günstiger ist} 21... Rfe8 $11 22. Qd3 Nd7) 22. Qc4 Rfe8 23. Qxc3 Qd7 24. a5 Qf5 25. Qc4 Ng4 26. Rad1 h5 27. h3 Ne5 28. Qc3 c4 (28... h4 $11) 29. Nxe5 $14 Qxe5 30. Qxc4 Rec8 31. Qa4 Rc5 32. Rfe1 Qf6 $1 33. Rd3 g6 34. Rde3 Rc3 {[#]} (34... Rac8 $11 {bleibt in der Remisbreite.}) 35. h4 (35. Rxc3 $1 $16 Qxc3 36. Re3) 35... Bc5 $15 36. Rxc3 (36. Qf4 $15 Qxf4 37. Re8+ Kg7 38. gxf4 Rxe8 39. Rxe8) 36... Qxc3 (36... Bxf2+ $17 37. Kh1 Qxc3) 37. Re8+ Rxe8 38. Qxe8+ Kg7 {Und ...Dxg3 würde nun gewinnen.} 39. Kf1 Qc1+ 40. Qe1 Qxe1+ {Precision: Weiß = 34%, Schwarz = 64%.} 1/2-1/2

[Event "American Continental-ch 2018"]
[Site "Montevideo"]
[Date "2018.06.03"]
[Round "3"]
[White "Delgado Ramirez, Neuris"]
[Black "Salinas Herrera, Pablo"]
[Result "1-0"]
[WhiteElo "2613"]
[BlackElo "2463"]
[Annotator "TA"]
[PlyCount "51"]
[EventDate "2018.??.??"]
[EventType "swiss"]
[EventCountry "URU"]
[SourceTitle "playchess.com"]
[Source "ChessBase"]
[SourceQuality "1"]

{[%evp 17,51,14,31,29,36,22,26,23,22,20,21,22,29,25,31,31,47,39,43,44,42,49,45,47,79,68,112,106,109,79,80,70,164,148,422,413]} 1. e4 c5 2. Nf3 d6 3. Bb5+ Nd7 4. O-O a6 5. Bd3 Ngf6 6. Re1 {B51: Sicilian: Moscow Variation (3 Bb5+) without 3...Bd7} b5 {[%cal Bb7b5,Bb5b4][%mdl 32]} 7. a4 b4 8. c3 Bb7 9. Bc2 Rc8 {LiveBook: 8 Games} 10. d3 e6 11. a5 bxc3 12. bxc3 Be7 13. Bg5 $146 O-O 14. Nbd2 Qc7 15. h3 Rfe8 16. Bf4 h6 17. Nc4 Bf8 18. Bh2 Red8 19. Nfd2 Bc6 20. Ne3 Ne5 21. f4 Ng6 22. Ndc4 Re8 23. Bb3 Rcd8 24. Nb6 Nd7 {[#]} (24... Qa7 $14) 25. f5 $1 $18 {[%cal Rf5g6]} exf5 $2 {[%mdl 8192] [#]} (25... Nge5 $16 {keeps fighting.}) 26. Bxf7+ $1 {[%mdl 512] Precision: White = 82%, Black = 35%.} 1-0

[Event "American Continental-ch 2018"]
[Site "Montevideo"]
[Date "2018.06.03"]
[Round "3"]
[White "Liang, Awonder"]
[Black "Sosa, Tomas"]
[Result "1/2-1/2"]
[WhiteElo "2571"]
[BlackElo "2453"]
[Annotator "TA"]
[PlyCount "61"]
[EventDate "2018.??.??"]
[EventType "swiss"]
[EventCountry "URU"]
[SourceTitle "playchess.com"]
[Source "ChessBase"]
[SourceQuality "1"]

{[%evp 15,61,17,12,0,8,13,6,8,8,11,8,3,22,21,15,18,33,28,29,29,52,13,18,11,10,0,5,5,5,5,13,8,4,0,0,0,0,0,0,0,0,0,0,0,0,0,0,0]} 1. e4 e5 2. Nf3 Nc6 3. Bc4 Nf6 4. d3 Bc5 5. Nc3 O-O 6. O-O h6 7. a3 a6 8. Be3 {C50: Hungarian Defence and Giuoco Pianissimo} d6 {LiveBook: 10 Games} 9. Nd5 Nxd5 10. Bxd5 Bxe3 $146 ({Predecessor:} 10... Ne7 11. Bb3 Ng6 12. d4 exd4 13. Nxd4 Re8 14. f3 Be6 15. Bxe6 Rxe6 {0-1 (45) Gao,R (2568)-Harikrishna,P (2727) China 2018}) 11. fxe3 Ne7 12. Bb3 Ng6 13. Qe1 Be6 14. Bxe6 fxe6 15. Qg3 Kh7 16. Rf2 Qe7 17. Raf1 Rf6 18. Qh3 Kg8 {The position is equal.} 19. g4 Nf8 20. Qg3 Nh7 21. h4 g5 $1 22. hxg5 Nxg5 23. Nxg5 Rxf2 24. Qxf2 {[#] Strongly threatening Nf7.} hxg5 25. Qf6 (25. Qh2 {with more complications.} Kg7 26. Rf2 Rh8 27. Qg3 Rf8 28. Rh2) 25... Qxf6 26. Rxf6 $11 {KR-KR} Re8 $1 27. Kg2 Kg7 28. Rf1 c5 29. a4 Rc8 30. b3 b6 31. c4 {Precision: White = 45%, Black = 80%.} 1/2-1/2

[Event "American Continental-ch 2018"]
[Site "Montevideo"]
[Date "2018.06.03"]
[Round "3"]
[White "Erenburg, Sergey"]
[Black "Roselli Mailhe, Bernardo"]
[Result "1-0"]
[WhiteElo "2563"]
[BlackElo "2433"]
[Annotator "TA"]
[PlyCount "123"]
[EventDate "2018.??.??"]
[EventType "swiss"]
[EventCountry "URU"]
[SourceTitle "playchess.com"]
[Source "ChessBase"]
[SourceQuality "1"]

{[%evp 31,123,33,53,19,10,0,31,58,49,22,113,99,115,127,150,163,218,72,136,134,137,114,166,113,114,103,103,108,122,97,88,92,99,60,113,107,112,83,87,89,126,100,119,90,147,140,175,158,149,119,123,122,122,122,169,146,139,141,193,193,202,175,188,179,185,193,285,287,315,297,427,284,398,393,508,507,616,600,580,580,582,552,1475,1448,2484,2403,3133,2881,2590,2427,2136,2254,1727,1687]} 1. e4 e6 2. d4 d5 3. Nd2 c5 4. Ngf3 Nc6 5. exd5 exd5 6. Bb5 Bd6 7. dxc5 Bxc5 8. Nb3 Bd6 9. O-O Nge7 10. Re1 O-O 11. Bd3 h6 12. h3 Nf5 13. c3 Qf6 14. Bc2 Rd8 15. Qd3 {C09: Französische Verteidigung (Tarrasch-Variante)} g6 16. Bd2 a5 {[#] LiveBook: 17 Partien} 17. Rad1 $146 {Weiß steht etwas besser.} ({Vorgänger:} 17. Be3 Nxe3 18. Rxe3 Bf5 19. Qd1 Be4 20. a4 Bf4 21. Re1 Bc7 22. Nbd4 Bxf3 23. Qxf3 Qxf3 24. Nxf3 {½-½ (69) Carlsen,M (2675)-Jussupow,A (2617) Amsterdam 2006}) 17... a4 18. Nbd4 Bf8 19. Nxc6 bxc6 20. Bf4 Nd6 (20... Bd6 $11 21. Ne5 Ne7) 21. Be5 $16 Qf5 22. Qd2 $36 {[%mdl 2048] Läuft bei Weiss.} Qd7 23. Qf4 $1 {[%cal Rf4f6] Beabsichtigt Df6 und Matt.} Ne8 (23... f5 $142 24. Qh4 Ne4) 24. Nh2 (24. c4 $18 {ist viel giftiger.}) 24... Qb7 (24... Qe7 $142) 25. c4 ({Aber nicht} 25. Bxa4 $2 g5 $19) 25... Be6 26. cxd5 cxd5 (26... Rxd5 $16 27. Ng4 (27. Bxa4 g5 $17) 27... Bxg4 28. hxg4 (28. Qxg4 Bg7 $16) 28... Bg7) 27. Bxa4 (27. Nf3 $18) 27... Qb4 {zielt auf ...Dxf4 ab.} 28. Bb3 Qxf4 29. Bxf4 Bg7 30. Be5 Bxe5 31. Rxe5 Nd6 32. Nf3 {Und Sd4 würde nun gewinnen.} Nc4 {[#]} ({Lieber} 32... Ne4 $14) 33. Re2 $1 Kf8 34. Nd4 Bd7 35. Rc1 Be8 36. h4 h5 37. g3 Rd6 (37... Bd7 $142) 38. a3 Nb6 39. Rc7 Rb8 40. f3 Rd7 41. Rxd7 Bxd7 42. Kf2 Rc8 43. Rc2 Rb8 44. Ke3 Rb7 (44... Ke7 $16 45. Kf4 Kd6) 45. Kd2 $18 Ke7 46. Rc5 Kd6 {[#]} 47. Ra5 $1 f6 48. Ba2 Be8 (48... g5 {war nötig.} 49. b4 Rb8) 49. b4 Bd7 50. Bb3 Be8 (50... g5 {kämpft weiter.} 51. Ke3 gxh4) 51. Ne2 Re7 (51... Rb8 $142 52. Kd3 Bc6) 52. Nc3 Bc6 53. Ra6 {Weiß steht klar auf Gewinn.} Kc7 {Schwarz hofft, mit ...d4 fortzusetzen.} 54. Ra7+ Kd6 55. Rxe7 Kxe7 {[%mdl 4096] Endspiel KLS-KLS} 56. Kd3 Nc4 {[#]} 57. Nxd5+ $1 {[%mdl 512]} Bxd5 58. Bxc4 Bxf3 59. a4 {[%cal Ba3a4,Ba4a5][%mdl 32]} g5 60. a5 Kd6 61. Kd4 Bg2 62. Be2 {Precision: Weiß = 62%, Schwarz = 34%.} 1-0

[Event "American Continental-ch 2018"]
[Site "Montevideo"]
[Date "2018.06.03"]
[Round "3"]
[White "Moradiabadi, Elshan"]
[Black "Campora, Daniel H"]
[Result "1-0"]
[WhiteElo "2549"]
[BlackElo "2424"]
[Annotator "TA"]
[PlyCount "123"]
[EventDate "2018.??.??"]
[EventType "swiss"]
[EventCountry "URU"]
[SourceTitle "playchess.com"]
[Source "ChessBase"]
[SourceQuality "1"]

{[%evp 15,123,31,51,29,34,20,18,13,10,-8,4,-17,0,0,68,78,100,103,98,54,231,239,235,226,239,227,215,202,247,235,231,213,276,211,230,216,237,232,267,235,290,236,258,236,276,258,495,530,525,533,529,506,481,281,287,262,250,231,322,316,289,320,368,211,187,178,318,318,327,322,304,312,477,490,485,487,464,447,511,437,622,592,629,595,717,715,921,910,907,902,941,742,832,1245,1079,1022,985,936,914,874,887,812,906,844,833,826,5152,5102,5057,5057]} 1. d4 Nf6 2. c4 g6 3. g3 Bg7 4. Bg2 O-O 5. Nc3 c6 6. e4 d6 7. Nge2 a6 8. O-O e5 {LiveBook: 10 Games} 9. b3 {E72: King's Indian: 4 e4 d6 5 g3} (9. h3 b5 10. Be3 Nbd7 11. c5 dxc5 12. dxe5 Nxe5 13. Bxc5 Re8 14. Qxd8 Rxd8 15. Rad1 Bb7 16. f4 Nc4 {1-0 (54) Bocharov,D (2569)-Miroshnichenko,E (2642) Plovdiv 2008}) 9... b5 10. dxe5 dxe5 11. Ba3 {The position is equal.} Re8 12. Qc2 $146 ({Predecessor:} 12. Qxd8 Rxd8 13. Rfd1 Re8 14. Bd6 Be6 15. cxb5 axb5 16. Nc1 {0-1 (39) Schneider,C (2220)-Melamed,T (2318) Berlin 2016}) 12... Be6 13. Rad1 Qa5 14. Bd6 Nfd7 (14... Nbd7 $11) 15. f4 $14 {[%cal Bf2f4,Bf4f5][%mdl 32] Hoping for f5.} f6 16. f5 $36 {[%mdl 2048] White is really pushing.} Bf7 17. b4 Qa3 $2 ({Black should play} 17... Qb6+ $14 18. c5 Qb7) 18. Rf3 $18 Bxc4 {[#]} 19. Nxb5 $1 {[%mdl 512]} axb5 20. Rxa3 Rxa3 21. Nc1 Nb6 22. fxg6 hxg6 23. Bc7 Na4 24. Bf1 Rc3 25. Qd2 Na6 26. Ba5 Bf7 {[#]} 27. Nb3 $1 {[%mdl 512]} Be6 (27... Bxb3 28. axb3) 28. Rc1 Rxc1 29. Nxc1 Bf8 30. a3 Rc8 $2 (30... Nb8 31. Qf2 Bg7) 31. Qf2 Bg7 32. Qa7 Nb8 33. Qe7 Bd7 {[#]} 34. Qd6 (34. Bc7 $142 $1 {[%mdl 512]} Bf8 (34... Rxc7 35. Qd8+) 35. Qxf6 Rxc7 36. Nd3) 34... Kf7 35. Qd2 Bf8 36. Nd3 Be6 37. Qf2 Nd7 38. Qa7 c5 39. bxc5 (39. Qa6 $142 Rb8 40. Bc7) 39... Naxc5 {[#]} 40. Bb4 $1 Nxd3 (40... Nb3 $142) 41. Bxd3 Bc5+ 42. Bxc5 Rxc5 43. Qb7 Ke7 (43... Kf8 {was worth a try.} 44. Bxb5 Rc1+ 45. Kf2 Nc5 46. Qa8+ Kg7) 44. Bxb5 {White is clearly winning.} Rc1+ 45. Kf2 Rc2+ 46. Ke1 f5 47. exf5 gxf5 (47... Bxf5 $142 48. Bxd7 Bxd7) 48. a4 {[%cal Ba3a4,Ba4a5,Ba5a6,Ba6a7][%mdl 32]} Kd6 49. a5 Rc7 50. Qa6+ Kd5 51. Bxd7 Bxd7 {[%mdl 4096] Endgame KQ-KRB} 52. Qd3+ Kc5 53. Qa3+ Kd5 54. a6 Bc6 55. Qa5+ Kd6 56. Qb6 Kd7 57. Qc5 Rc8 58. a7 f4 59. Kf2 fxg3+ 60. hxg3 {[%cal Bh2g3,Bg3g4,Bg4g5][%mdl 32]} Kc7 61. g4 Kb7 62. g5 {Precision: White = 69%, Black = 30%.} 1-0

[Event "American Continental-ch 2018"]
[Site "Montevideo"]
[Date "2018.06.03"]
[Round "3"]
[White "Martinez Alcantara, Jose Eduardo"]
[Black "Slipak, Sergio"]
[Result "1-0"]
[WhiteElo "2539"]
[BlackElo "2420"]
[Annotator "TA"]
[PlyCount "117"]
[EventDate "2018.??.??"]
[EventType "swiss"]
[EventCountry "URU"]
[SourceTitle "playchess.com"]
[Source "ChessBase"]
[SourceQuality "1"]

{[%evp 17,117,43,38,25,34,27,27,30,39,40,30,43,59,24,24,18,22,14,33,29,44,33,34,33,41,25,31,27,27,27,27,27,27,27,28,24,29,24,24,24,25,24,34,31,32,31,78,83,83,84,85,42,50,50,116,79,73,77,81,84,95,85,81,47,118,119,187,171,218,211,195,191,202,197,195,187,337,329,322,358,375,373,441,447,450,453,429,429,373,373,791,659,779,695,5720,5470,29982,29983,29982,29983,29986,29987]} 1. e4 c5 2. Nf3 Nf6 3. e5 Nd5 4. Nc3 e6 5. Nxd5 exd5 6. d4 d6 7. Bb5+ Nc6 8. O-O Be7 9. c4 {B29: Sizilianisch (Rubinstein-Variante)} (9. Bf4 O-O 10. exd6 Bxd6 11. Bxd6 Qxd6 12. dxc5 Qxc5 13. Bd3 Qb6 14. Rb1 h6 15. Qd2 {½-½ (15) Villanueva,M (2423)-Slipak,S (2455) Villa Martelli 2016}) 9... a6 {LiveBook: 3 Partien} 10. exd6 Qxd6 11. dxc5 {Weiß steht etwas besser.} Qxc5 12. Be3 Qd6 13. Bxc6+ bxc6 14. cxd5 Qxd5 $146 ({Vorgänger:} 14... cxd5 15. Rc1 Be6 16. Bc5 Qd8 {1-0 (52) Osnos,V-Ljavdansky,V Kiev (Ukraine) 1965}) 15. Qxd5 cxd5 16. Rfd1 Be6 17. Rac1 Bf6 18. Bd4 Bxd4 19. Nxd4 Kd7 20. f4 g6 21. Rc5 Rhc8 22. Ra5 Rab8 23. Rd2 Rb6 24. Kf2 Kd6 25. a3 h5 26. b4 Rc3 27. f5 gxf5 28. Nxf5+ Ke5 29. Nd4 Ke4 30. Nf3 Rd6 31. h3 Rc8 32. Rc5 Rxc5 33. bxc5 $16 {[%mdl 4096] Endspiel KTL-KTS} Rd8 34. Rd4+ Kf5 35. Ra4 Bc8 (35... Kf6 $14) 36. Rb4 Be6 37. Ke3 Kf6 38. Kd4 Rg8 {[#]} 39. Rb2 $1 Ke7 40. Ke5 f6+ (40... Kd7 $14) 41. Kd4 Kd7 (41... Bc8 $16 42. Ne1 (42. Kxd5 Kd7 $16) 42... Rg3) 42. Rb7+ $18 Kc6 43. Rb6+ Kd7 44. Nh4 ({Minderwertig wäre} 44. Rxa6 Rxg2 45. Ra7+ Kc6 $11) 44... a5 45. Rd6+ Ke7 46. Ra6 Bc8 (46... Bd7 $142 47. c6 (47. Kxd5 Rg5+ 48. Kd4 a4 $16) 47... Bc8 48. Rxa5 Kd6 49. Rxd5+ Kxc6 50. Rxh5 Be6) 47. Rxa5 Kd7 48. Ra7+ ({Weniger gut wäre} 48. Kxd5 Bb7+ 49. Kd4 Bxg2 $16) 48... Kc6 49. Rf7 f5 50. a4 Re8 {[#] Und ...Te4+ würde nun gewinnen.} 51. Rf6+ Kc7 {Schwarz plant ...Te4+.} 52. Nxf5 Bxf5 53. Rxf5 {KT-KT} Rg8 $2 (53... Re2 54. Rf7+ Kc6 55. Rf6+ Kc7) 54. Kxd5 Rxg2 55. Rf7+ Kc8 56. a5 {[%cal Ba4a5,Ba5a6][%mdl 32]} Rg3 57. a6 {Weiß setzt Matt.} Kb8 58. c6 Rxh3 59. Rf8+ {Precision: Weiß = 91%, Schwarz = 50%.} 1-0

[Event "American Continental-ch 2018"]
[Site "Montevideo"]
[Date "2018.06.03"]
[Round "3"]
[White "Di Berardino, Diego Rafael"]
[Black "Thavandiran, Shiyam"]
[Result "1/2-1/2"]
[WhiteElo "2525"]
[BlackElo "2417"]
[Annotator "TA"]
[PlyCount "39"]
[EventDate "2018.??.??"]
[EventType "swiss"]
[EventCountry "URU"]
[SourceTitle "playchess.com"]
[Source "ChessBase"]
[SourceQuality "1"]

{[%evp 19,39,0,0,-14,5,0,0,-31,-50,-30,26,0,0,0,0,0,0,0,0,0,0,0]} 1. d4 Nf6 2. c4 e6 3. Nc3 Bb4 4. e3 O-O 5. Bd3 c5 6. Nge2 cxd4 7. exd4 d5 8. cxd5 Nxd5 9. O-O Nc6 10. Be4 Re8 {LiveBook: 9 Games} 11. Qb3 {E48: Nimzo-Indian: Rubinstein: 5 Bd3 d5 including 6 Ne2, but excluding 6 a3} (11. Qd3 Nf6 12. Bg5 h6 13. Bh4 Be7 14. Rad1 Nxe4 15. Bxe7 Nxf2 16. Rxf2 Qxe7 17. Rdf1 f5 18. Nf4 Rd8 {½-½ (48) Milanovic,D (2552)-Belov,V (2627) Budva 2009}) 11... Bd6 12. Rd1 $146 ({Predecessor:} 12. g3 Nxc3 13. bxc3 e5 14. Qc2 g6 15. Rd1 Qe7 16. d5 Na5 17. c4 Bg4 18. f3 Bh3 {1-0 (31) Agrest,E (2470)-Gelman,A Czestochowa 1992}) 12... h6 13. Nxd5 exd5 14. Bf3 Qb6 ({Better is} 14... Qh4 15. g3 Qf6) 15. Qxd5 Nb4 {The position is equal.} 16. Qh5 $1 Nc2 $1 {[%cal Rc2a1]} 17. Rb1 Na3 $1 {[%cal Ra3b1]} 18. Ra1 $1 Nc2 19. Rb1 Na3 20. Ra1 $1 1/2-1/2